| 000 | 00348nam a22001577a 4500 | ||
|---|---|---|---|
| 003 | SGT | ||
| 020 | _a978-81-7473-131-8 | ||
| 082 | _a617.601 | ||
| 100 | _aGUPTA,L.C | ||
| 245 | _aA COMPREHENSIVE REVIEW OF DENTISTRY | ||
| 250 | _a2ND | ||
| 260 |
_aDELHI _bA.I.T.B.S. PUBLISHERS _c2009 |
||
| 300 | _a759 | ||
| 650 | _aDENTISTRY | ||
| 942 |
_2ddc _cBK |
||
| 999 |
_c10882 _d10882 |
||